| 000 | 00825nam a2200205Ia 4500 | ||
|---|---|---|---|
| 008 | 0000001994 pr a 0000000000spa00 | ||
| 090 | _aPPR00 I73m | ||
| 100 | 1 | _aIrizarry, Marcos | |
| 245 | 1 | 0 |
_aMarcos Irizarry _b: Marruecos _c/ fotografías Johnny Betancourt |
| 300 |
_a[12] p. _c/ 28 cm. |
||
| 500 | _aExposición realizada en Galeria Botello, San Juan de Puerto Rico, Mayo 18 Junio 8, 1994 \ Con el patronazgo del maestro venezolano Jesús Rafael Soto (q.e.p.d.) | ||
| 600 | 0 | 0 |
_aIRIZARRY, MARCOS./ _xTRABAJOS PICTORICOS |
| 650 | 1 | 4 | _aARTE CONTEMPORANEO PUERTORRIQUEÑO |
| 650 | 1 | 4 | _xCATALOGOS |
| 650 | 1 | 4 | _xEXPOSICIONES |
| 650 | 1 | 4 | _aPINTORES PUERTORRIQUEÑOS |
| 650 | 1 | 4 | _aPINTURA PUERTORRIQUEÑA |
| 700 | 1 | _aBetancourt, Johnny | |
| 999 |
_c2610 _d2610 |
||
| 260 |
_aHato Rey (Puerto Rico) : Galería Botello _c1994 |
||